[Event "Dieppe op 6th"]
[Site "Dieppe"]
[Date "2010.08.26"]
[Round "6"]
[White "Lefebvre, Richard"]
[Black "Daurelle, Herve"]
[Result "0-1"]
[WhiteElo "1972"]
[BlackElo "2248"]
[PlyCount "112"]
[EventDate "2010.08.22"]
[EventType "swiss"]
[EventRounds "9"]
[EventCountry "FRA"]
[SourceTitle "CBM 138 Extra"]
[Source "ChessBase"]
[SourceDate "2010.10.29"]
[SourceVersion "1"]
[SourceVersionDate "2010.10.29"]
[SourceQuality "1"]

1. e4 c5 2. Nf3 d6 3. d4 cxd4 4. Nxd4 Nf6 5. Nc3 Bd7 6. Bg5 e6 7. Bd3 Nc6 8. Nxc6 bxc6 9. 0-0 Be7 10. Kh1 Rb8 11. Rb1 h6 12. Be3 Qa5 13. Bd2 Qc7 14. f4 h5 15. e5 dxe5 16. fxe5 Ng4 17. Bf4 g5 18. Bg3 Ne3 19. Qf3 Nxf1 20. Rxf1 Kd8 21. Qxf7 Rf8 22. Qxh5 Rxf1+ 23. Bxf1 Rxb2 24. Qd1 Qa5 25. Qd3 Bb4 26. Ne4 Qd5 27. h4 Rb1 28. Kh2 Rxf1 29. Qxf1 Qxe4 30. Qf6+ Be7 31. Qh8+ Be8 32. h5 Qg4 33. h6 Qh5+ 34. Kg1 Bc5+ 35. Bf2 Qd1+ 36. Kh2 Qh5+ 37. Kg1 Qd1+ 38. Kh2 Bxf2 39. Qf6+ Kc8 40. Qxf2 Qh5+ 41. Kg1 Qxh6 42. Qxa7 Qf8 43. Qa8+ Kd7 44. Qb7+ Kd8 45. Qb8+ Ke7 46. Qd6+ Kf7 47. Qxf8+ Kxf8 48. Kf2 c5 49. Ke3 Bb5 50. g3 Kf7 51. c3 Kg6 52. g4 Kf7 53. Kd2 Ke7 54. Kc2 Bc4 55. a4 Kd7 56. Kb2 Kc6 0-1

[Event "Dieppe op 3rd"]
[Site "Dieppe"]
[Date "2002.07.30"]
[Round "4"]
[White "Lefebvre, Richard"]
[Black "Corrigan, Francis"]
[Result "1/2-1/2"]
[WhiteElo "1499"]
[BlackElo "2098"]
[PlyCount "109"]
[EventDate "2002.??.??"]
[EventType "swiss"]
[EventRounds "9"]
[EventCountry "FRA"]
[SourceTitle "EXT 2005"]
[Source "ChessBase"]
[SourceDate "2004.11.15"]
[SourceVersion "1"]
[SourceVersionDate "2004.11.15"]
[SourceQuality "1"]

1. e4 e6 2. d4 b6 3. Bd3 Bb7 4. Nd2 c5 5. c3 Nf6 6. Qc2 cxd4 7. cxd4 Nc6 8. Ne2 Nb4 9. Qb1 Nxd3+ 10. Qxd3 Bb4 11. f3 a5 12. a3 Ba6 13. Qe3 Be7 14. Kf2 Nh5 15. Rd1 0-0 16. Kg1 f5 17. e5 Kh8 18. g3 g5 19. Kf2 f4 20. Qe4 fxg3+ 21. hxg3 Nf4 22. Rh1 Rf7 23. gxf4 gxf4 24. Nxf4 Bh4+ 25. Ke3 Bg5 26. Kf2 Bxf4 27. Rxh7+ Rxh7 28. Qxf4 Qh4+ 29. Qxh4 Rxh4 30. Ke3 Rh2 31. Ne4 Re2+ 32. Kf4 Re1 33. b4 Rc8 34. Bb2 Rxa1 35. Bxa1 axb4 36. axb4 Rc1 37. Bc3 Bd3 38. Bd2 Rc2 39. Ke3 Bxe4 40. fxe4 b5 41. Kd3 Rc4 42. d5 Kg7 43. d6 Kg6 44. Ke3 Kh5 45. Kf3 Rd4 46. Ke3 Rc4 47. Kf3 Rc2 48. Ke2 Kg4 49. Kd3 Rxd2+ 50. Kxd2 Kf3 51. Kd3 Kf4 52. Kd4 Kf3 53. Kc5 Kxe4 54. Kxb5 Kxe5 55. Ka5 1/2-1/2